LDR 00883naa#a2200181#i#450# 001 RU\INFRA-M\bibl\122731 005 20260513195617.3 011 ## _a2587-9103 100 ## _a20260430b2026####ek#y0rusy0150####ca 102 ## _aRU 200 1# _aНевербальные средства выражения совместности взаимодействия лидеров России и Китая в российских медиатекстах _eЖурнальная статья 210 1# _aМосква _cОбщество с ограниченной ответственностью «Научно-издательский центр ИНФРА-М» _d2026 215 ## _a6 с. 608 ## _aЖурнальная статья _2local 675 ## _aЛингвистика. Языкознание. Языки. 81 _z 700 #1 _aКатышев _gП. А. 700 #1 _aХань _gЮе 856 4# _anaukaru.ru _u